[Event "Challenge"]
[Site "http://www.queenalice.com/game.php?id=940604"]
[Date "2011.5.20"]
[Round "-"]
[White "camilosouza"]
[Black "johnny"]
[Result "0-1"]
[WhiteElo "1173"]
[BlackElo "1349"]

1. d4 d5 2. Nc3 Nf6 3. Nf3 Nc6 4. Bf4 e6 5. Ne5 Nxe5 6. Bxe5 Bb4 7. a3 Bxc3+ 8.
bxc3 Ne4 9. Qd3 b6 10. f3 Nd6 11. Bxg7 Rg8 12. Qxh7 Kd7 13. e4 Bb7 14. e5 Nc4
15. g3 Ne3 16. Bd3 Qg5 17. Bf6 Ng2+ 18. Kf2 Qd2+ 19. Kf1 Ne3+ 20. Kg1 Qg2# 0-1

[Event "Let's Play Chess!"]
[Site "http://www.queenalice.com/game.php?id=940608"]
[Date "2011.5.21"]
[Round "-"]
[White "camilosouza"]
[Black "spawnwolfwolverine"]
[Result "0-1"]
[WhiteElo "1218"]
[BlackElo "1675"]

1. d4 d5 2. Nf3 e6 3. Bg5 Be7 4. Nc3 Bxg5 5. Nxg5 Qxg5 6. Nb5 Na6 7. Qd3 Bd7 8.
a4 Bxb5 9. Qxb5+ c6 10. Qxb7 Rd8 11. Qxa6 Ne7 12. e3 O-O 13. g3 f5 14. Qxa7 Ng6
15. h4 Qh5 16. Be2 Qh6 17. Ra3 e5 18. Rc3 f4 19. gxf4 exf4 20. Rxc6 fxe3 21.
fxe3 Qxe3 22. Rf1 Qc1+ 23. Bd1 Rde8+ 0-1

[Event "Challenge"]
[Site "http://www.queenalice.com/game.php?id=940785"]
[Date "2011.5.21"]
[Round "-"]
[White "lordmago"]
[Black "camilosouza"]
[Result "1-0"]
[WhiteElo "1458"]
[BlackElo "1225"]

1. e4 e5 2. Nf3 Nf6 3. d3 d5 4. Nxe5 dxe4 5. d4 Nc6 6. Nxc6 bxc6 7. Nc3 c5 8.
dxc5 Bxc5 9. Qxd8+ Kxd8 10. Bg5 e3 11. Bxe3 Bb4 12. Bd2 Bg4 13. f3 Bf5 14. O-O-O
c6 15. Bh6+ Kc7 16. Bxg7 Rhd8 17. Rxd8 Rxd8 18. Bxf6 Rd6 19. Be5 Be6 20. Bxd6+
Bxd6 21. Bd3 Bxa2 22. Nxa2 c5 23. Bxh7 Bf4+ 24. Kb1 c4 25. Re1 Bd2 26. Re7+ Kd6
27. Rxf7 Kd5 28. Rd7+ Kc5 29. Rxd2 a5 30. g4 a4 31. g5 c3 32. Nxc3 Kb4 33. g6 a3
34. g7 1-0

[Event "Challenge"]
[Site "http://www.queenalice.com/game.php?id=940814"]
[Date "2011.5.21"]
[Round "-"]
[White "camilosouza"]
[Black "johnny"]
[Result "1-0"]
[WhiteElo "1164"]
[BlackElo "1384"]

1. e4 e5 2. d4 d6 3. d5 Nf6 4. Bd3 Be7 5. Nc3 c6 6. dxc6 Nxc6 7. Bc4 Be6 8. Bxe6
fxe6 9. Nf3 Ng4 10. Nb5 a6 11. Na3 Nb4 12. c3 Nc6 13. Qb3 Qc8 14. Bg5 h6 15.
Bxe7 Kxe7 16. Nh4 Qf8 17. Qxb7+ Kf6 18. Qxc6 Kg5 19. Nf3+ Kh5 20. Rd1 Qe7 21.
Rxd6 Rhc8 22. Qb6 Rcb8 23. Qc5 Rxb2 24. h3 Nxf2 25. Qxe5+ Kg6 26. Rxe6+ Qxe6 27.
Qxe6+ Kh7 28. Nc4 Rb1+ 29. Kxf2 Rxh1 30. Ng1 Rf8+ 31. Nf3 Ra8 32. Qf5+ Kh8 33.
Nd6 Ra7 34. Ne8 Rb1 35. Qf8+ Kh7 36. Nxg7 Rxg7 37. g4 Rb2+ 38. Ke3 Rxa2 39. g5
Rg8 40. Qxh6# 1-0

[Event "Challenge"]
[Site "http://www.queenalice.com/game.php?id=942188"]
[Date "2011.5.25"]
[Round "-"]
[White "camilosouza"]
[Black "belzinha"]
[Result "0-1"]
[WhiteElo "1251"]
[BlackElo "1117"]

1. e4 e5 2. d4 exd4 3. Qxd4 Nc6 4. Qd5 Nf6 5. Qb5 Nxe4 6. f3 Nd6 7. Qb3 Na5 8.
Qd5 c6 9. Qe5+ Qe7 10. Qxe7+ Bxe7 11. Nc3 Nac4 12. Bf4 Nxb2 13. Rb1 Ndc4 14.
Nge2 Bb4 15. Kf2 Ba3 16. Nd4 O-O 17. g3 Bc5 18. Ne2 Nd3+ 19. Kg2 Nxf4+ 20. gxf4
Ne3+ 21. Kg1 Nxf1 22. Kxf1 d6 23. Rg1 Bh3+ 24. Kf2 Bf5 25. h4 Bxc2 26. Rxb7 Bd3
27. h5 Bxe2 28. Kxe2 Bxd4 0-1

[Event "Challenge"]
[Site "http://www.queenalice.com/game.php?id=942477"]
[Date "2011.5.26"]
[Round "-"]
[White "johnny"]
[Black "camilosouza"]
[Result "1-0"]
[WhiteElo "1527"]
[BlackElo "1172"]

1. d4 Nf6 2. Nc3 d5 3. Nf3 Nc6 4. e3 Nb4 5. Bd3 e6 6. Ne5 Bd6 7. Bb5+ c6 8. Be2
Bxe5 9. dxe5 Ne4 10. Nxe4 dxe4 11. Qxd8+ Kxd8 12. O-O b6 13. Rd1+ Bd7 14. c3 Nc2
15. Rb1 f5 16. exf6 gxf6 17. Rf1 e5 18. Bd1 Nd4 19. exd4 exd4 20. cxd4 Rg8 21.
Bc2 Bh3 22. Bxe4 Kc7 23. Bf4+ Kb7 24. d5 Rae8 25. dxc6+ Kc8 26. Bd5 Rg4 27. Bd6
Rd8 28. c7 Rxd6 29. Bf3 Rf4 30. Rbd1 Kxc7 31. Rc1+ Kd7 32. Rcd1 f5 33. Rd5 Ke6
34. Rxd6+ Kxd6 35. Ba8 Rg4 36. Rd1+ Ke6 37. Re1+ Kf6 38. Re2 f4 39. f3 Rg5 40.
Kh1 Kf5 41. gxh3 Rh5 42. Re7 Kf6 43. Rxa7 Re5 44. Rxh7 Re1+ 45. Kg2 Re2+ 46. Kh1
Rxb2 47. a3 Ra2 48. Rh6+ Kg5 49. Rxb6 Rxa3 50. Rb5+ Kh4 51. Be4 Kxh3 52. Rh5#
1-0

[Event "Challenge"]
[Site "http://www.queenalice.com/game.php?id=942478"]
[Date "2011.5.26"]
[Round "-"]
[White "camilosouza"]
[Black "johnny"]
[Result "1-0"]
[WhiteElo "1189"]
[BlackElo "1443"]

1. e4 e5 2. d4 d5 3. exd5 Qxd5 4. Nf3 Nc6 5. Nxe5 Nxe5 6. dxe5 Qxe5+ 7. Be2 Be7
8. f4 Qe4 9. O-O Bd7 10. Nc3 Qf5 11. g4 Qc5+ 12. Kh1 Bc6+ 13. Bf3 Bxf3+ 14. Qxf3
c6 15. f5 f6 16. Bf4 Bd6 17. Ne4 Qd5 18. Bxd6 Kd7 19. Bf4 Re8 20. Rfd1 Qxd1+ 21.
Rxd1+ Ke7 22. Bd6+ Kf7 23. Qb3+ Re6 24. fxe6+ Kg6 25. Qg3 Nh6 26. g5 fxg5 27.
Qxg5# 1-0

[Event "AUTO-BEG-486"]
[Site "http://www.queenalice.com/game.php?id=942853"]
[Date "2011.5.26"]
[Round "1"]
[White "fgf2011"]
[Black "camilosouza"]
[Result "1-0"]
[WhiteElo "1647"]
[BlackElo "1202"]

1. e4 d5 2. exd5 Qxd5 3. Nc3 Qe5+ 4. Qe2 Nc6 5. Qxe5 Nxe5 6. d3 Bf5 7. Bf4 Ng4
8. h3 N4f6 9. Bxc7 Rc8 10. Ba5 e5 11. a3 e4 12. dxe4 Nxe4 13. O-O-O Nxf2 14.
Re1+ Ne7 15. Rh2 g6 16. Bb5+ Bd7 17. Bxd7+ Kxd7 18. g4 b6 19. Bb4 h5 20. Rxf2
1-0

[Event "AUTO-BEG-486"]
[Site "http://www.queenalice.com/game.php?id=942854"]
[Date "2011.5.26"]
[Round "1"]
[White "camilosouza"]
[Black "fgf2011"]
[Result "0-1"]
[WhiteElo "1202"]
[BlackElo "1647"]

1. d4 d5 2. e3 Bf5 3. Bd3 Bg6 4. Nc3 e6 5. Bb5+ c6 6. Ba4 Bd6 7. Nf3 Ne7 8. Ng5
b5 9. Bb3 a5 10. a4 b4 11. Na2 h6 12. Nh3 c5 13. g4 c4 14. g5 cxb3 15. cxb3 Qd7
16. gxh6 Rxh6 17. Qf3 Nbc6 18. e4 Bxe4 19. Bxh6 Bxf3 20. Rg1 gxh6 21. Rg3 Bxg3
0-1

[Event "AUTO-BEG-486"]
[Site "http://www.queenalice.com/game.php?id=942863"]
[Date "2011.5.26"]
[Round "1"]
[White "camilosouza"]
[Black "RobinhoMed"]
[Result "1-0"]
[WhiteElo "1200"]
[BlackElo "1182"]

1. e4 e5 2. Nf3 d6 3. d4 exd4 4. Nxd4 c5 5. Nb5 a6 6. N5c3 Nh6 7. Nd5 Bg4 8. f3
Bh5 9. c3 g5 10. g4 Bg6 11. Qb3 f6 12. Nb6 Ra7 13. Qe6+ 1-0

[Event "AUTO-BEG-486"]
[Site "http://www.queenalice.com/game.php?id=942864"]
[Date "2011.5.26"]
[Round "1"]
[White "RobinhoMed"]
[Black "camilosouza"]
[Result "0-1"]
[WhiteElo "1199"]
[BlackElo "1183"]

1. e4 d5 2. exd5 Qxd5 3. c4 Qd4 4. Nf3 Qd6 5. d3 e5 6. Bd2 Bf5 7. a3 Bxd3 8.
Bxd3 Qxd3 9. Nxe5 Qe4+ 10. Qe2 Qxg2 11. Qf1 Qe4+ 12. Qe2 Qxh1+ 0-1

[Event "Challenge"]
[Site "http://www.queenalice.com/game.php?id=949507"]
[Date "2011.6.14"]
[Round "-"]
[White "camilosouza"]
[Black "reccar"]
[Result "0-1"]
[WhiteElo "1216"]
[BlackElo "1268"]

1. d4 e6 2. d5 e5 3. e4 d6 4. Nc3 Nf6 5. Bg5 h6 6. Bh4 g5 7. Bg3 Nbd7 8. Nb5 a6
9. Na3 b6 10. c4 Nxe4 11. Ne2 Nef6 12. b4 c5 13. bxc5 bxc5 14. h4 g4 15. f3 h5
16. f4 Qa5+ 17. Kf2 Qxa3 18. fxe5 Nxe5 19. Bxe5 Ne4+ 20. Kg1 Qe3+ 21. Kh2 g3+
22. Bxg3 Rg8 23. Bf4 Qf2 24. a3 Be7 25. Qa4+ Bd7 26. Qc2 Bf5 27. Qb2 Bxh4 28.
Qb7 Rd8 29. Qxa6 Ng3 30. Bxd6 Nxf1+ 31. Rhxf1 Qxg2# 0-1

[Event "Let's Play Chess!"]
[Site "http://www.queenalice.com/game.php?id=950035"]
[Date "2011.6.15"]
[Round "-"]
[White "camilosouza"]
[Black "horsemen"]
[Result "1-0"]
[WhiteElo "1215"]
[BlackElo "1434"]

1. e4 e5 2. Nf3 d6 3. d4 f6 4. dxe5 fxe5 5. Ng5 Be7 6. Ne6 Bxe6 7. Nc3 Nf6 8.
Bg5 Nfd7 9. Qh5+ g6 10. Qh6 Bxg5 11. Qg7 Bf6 12. Qh6 Nc5 13. Qxg6+ Bf7 14. Qf5
Nbd7 15. Bb5 Bg6 16. Qh3 Bxe4 17. Kd2 Rg8 18. Qe6+ Qe7 19. Qxg8+ Qf8 20. Qg4
Qh6+ 21. f4 Rd8 22. Rae1 Qh4 23. Qe6+ Be7 24. Qg8+ Bf8 25. Nxe4 exf4 26. Nxc5+
Qe7 27. Rxe7+ Kxe7 28. Qxh7+ Ke8 29. Re1+ Be7 30. Qxe7# 1-0

[Event "Challenge"]
[Site "http://www.queenalice.com/game.php?id=958122"]
[Date "2011.7.8"]
[Round "-"]
[White "camilosouza"]
[Black "johnny"]
[Result "0-1"]
[WhiteElo "1170"]
[BlackElo "1539"]

1. e4 e5 2. d4 d5 3. exd5 Qxd5 4. c4 Qxd4 5. Nf3 Qxd1+ 6. Kxd1 Bd6 7. Nc3 Nf6 8.
Bg5 Ng4 9. Ke1 O-O 10. h3 h6 11. hxg4 hxg5 12. Nxg5 Bxg4 13. Nd5 c6 14. c5 Bxc5
15. Nc7 Bb4# 0-1

[Event "Challenge"]
[Site "http://www.queenalice.com/game.php?id=964209"]
[Date "2011.7.24"]
[Round "-"]
[White "camilosouza"]
[Black "johnny"]
[Result "0-1"]
[WhiteElo "1253"]
[BlackElo "1651"]

1. e4 e5 2. Bc4 d6 3. d4 exd4 4. Qxd4 Nc6 5. Qd5 Be6 6. Qb5 a6 7. Qxb7 Na5 8.
Bxa6 Nxb7 9. Bxb7 Rb8 10. Ba6 Nf6 11. Nc3 Be7 12. Nf3 Bc8 13. Bxc8 Qxc8 14. Bg5
O-O 15. e5 dxe5 16. Nxe5 Rxb2 17. Nc6 Qe6+ 18. Kd1 Qxc6 19. Kd2 Qxg2 20. Rhe1
Qxg5+ 21. Re3 Bc5 22. Re1 Bxe3+ 23. fxe3 Rd8+ 24. Kc1 Rbb8 25. Na4 Re8 0-1